Karty FUT VERSUS FIFA 22 - Statystyki

Ogólne statystyki
  • Ten quiz został rozwiązany 58 razy
  • Średni wynik to 9 z 11
Statystyki odpowiedzi
Ocena Klub Liga Narodowość Wiek Nazwisko zawodnika % Poprawnych
89 Man.City Premier League Brazylia 24 Jesus
98%
87 Real Madryt Primera Division Urugwaj 23 Valverde
96%
88 Man. Utd Premier League Anglia 24 Rashford
92%
86 Wolves Premier League Hiszpania 25 Traore
92%
87 Sevilla Primera Division Francja 23 Kounde
91%
86 Liverpool Premier League Anglia 24 Gomez
89%
86 Atletico Madryt Primera Division Argentyna 26 Correa
85%
85 Wolfsburg Bundesliga Szwajcaria 26 Mbabu
83%
85 Borussia Dortmund Bundesliga Niemcy 28 Schulz
77%
85 Udinese Serie A Argentyna 30 Pereyra
68%
84 Nice Ligue 1 Francja 23 Claude-Maurice
47%
Nie znaleziono quizów pasujących do podanych kryteriów
Rozkład punktacji
Procent ludzi z każdym wynikiem
Percentyl według liczby udzielonych odpowiedzi
Twoja historia wyników
Nie rozwiązałeś tego quizu